00417nam a2200181Ia 4500008004100000020001800041050001400059100001900073245002200092245002200114260001500136260001600151260000900167300001400176300002700190300001000217500000800227170918s9999 xx 000 0 und d a9780439791656 bS528 2004 aShannon, David aAlice the fairy / cby David Shannon. aNew York : bScholastic, c2004 aunpaged : bcolored illustration ; c28cm. a510